[Event "Barcelona La Lira op"]
[Site "Barcelona"]
[Date "1996.??.??"]
[Round "7"]
[White "Jose Iraeta, Alexandre"]
[Black "Giralt Garcia, Joaquin"]
[Result "1-0"]
[WhiteElo "2100"]
[BlackElo "2000"]
[PlyCount "57"]
[EventDate "1996.??.??"]
[EventType "swiss"]
[EventRounds "8"]
[EventCountry "ESP"]
[SourceTitle "EXT 2003"]
[Source "ChessBase"]
[SourceDate "2002.11.25"]
[SourceVersion "1"]
[SourceVersionDate "2002.11.25"]
[SourceQuality "1"]

1. d4 d5 2. Bg5 Bf5 3. Nf3 Nf6 4. Nbd2 e6 5. Nh4 c5 6. Nxf5 exf5 7. c3 Nc6 8. e3 h6 9. Bxf6 Qxf6 10. dxc5 Bxc5 11. Qb3 Qe6 12. Qxb7 Rb8 13. Qa6 0-0 14. Nb3 Bb6 15. 0-0-0 Rfc8 16. Kb1 Ne5 17. Nd4 Qe7 18. Bb5 Qd8 19. Nxf5 Rc5 20. Nd4 Qf6 21. Nb3 Qd6 22. Nxc5 Qxc5 23. Rd2 Rd8 24. Qa4 f5 25. Rhd1 Ng4 26. Rxd5 Rxd5 27. Rxd5 Qc7 28. Qc4 Qe7 29. Rd7+ 1-0